| 000 | 00550nam a2200205 a 4500 | ||
|---|---|---|---|
| 003 | OSt | ||
| 005 | 20150110103719.0 | ||
| 008 | 020226s1994 | ||
| 020 | _a84-89541-19-1 | ||
| 040 | _cBMC | ||
| 082 | _a843 | ||
| 100 | 1 |
_aSaint-Exupéry, Antoine de _929637 _d1900-1944 |
|
| 245 | 1 | 3 |
_aEl Principito _cAntoine de Saint-Exupery ; con ilustraciones del autor |
| 250 | _a2ª ed. reimp | ||
| 260 |
_aSan Salvador _bClásicos Roxsil _c1994 |
||
| 300 |
_a92 p. _bil. _c16 cm |
||
| 490 |
_aNovela _v2203 |
||
| 650 | 2 | 4 |
_911443 _aNovela francesa |
| 942 |
_2ddc _cBK |
||
| 999 |
_c16807 _d16807 |
||